|
|
|
|
| LEADER |
00000naa2a2200000 4500 |
| 001 |
617125 |
| 005 |
20231101132938.0 |
| 035 |
|
|
|a (RuTPU)RU\TPU\conf\15429
|
| 035 |
|
|
|a RU\TPU\conf\15428
|
| 090 |
|
|
|a 617125
|
| 100 |
|
|
|a 20160215d2015 k y0rusy50 ca
|
| 101 |
0 |
|
|a rus
|
| 102 |
|
|
|a RU
|
| 105 |
|
|
|a y z 101zy
|
| 135 |
|
|
|a drgn ---uucaa
|
| 181 |
|
0 |
|a i
|
| 182 |
|
0 |
|a b
|
| 200 |
1 |
|
|a Метод динамического изменения ограничений составляющих вектора напряжения при векторном управлении асинхронного двигателя
|f Г. В. Родионов, С. В. Борисов
|
| 203 |
|
|
|a Текст
|c электронный
|
| 225 |
1 |
|
|a Электротехнические комплексы и системы
|
| 230 |
|
|
|a 1 компьютерный файл (pdf; 367 Kb)
|
| 300 |
|
|
|a Заглавие с титульного экрана
|
| 320 |
|
|
|a [Библиогр.: с. 187 (4 назв.)]
|
| 337 |
|
|
|a Adobe Reader
|
| 463 |
|
0 |
|0 (RuTPU)RU\TPU\conf\15313
|t Электромеханические преобразователи энергии
|o материалы VII Международной научно-технической конференции, 14-16 октября 2015 г., г. Томск
|f Российский фонд фундаментальных исследований (РФФИ) ; Томская область, Администрация ; Национальный исследовательский Томский политехнический университет (ТПУ)
|v [С. 185-187]
|d 2015
|
| 610 |
1 |
|
|a труды учёных ТПУ
|
| 610 |
1 |
|
|a электронный ресурс
|
| 610 |
1 |
|
|a вектор напряжения
|
| 610 |
1 |
|
|a векторное управление
|
| 610 |
1 |
|
|a асинхронные двигатели
|
| 610 |
1 |
|
|a преобразователи
|
| 610 |
1 |
|
|a магнитные потоки
|
| 700 |
|
1 |
|a Родионов
|b Г. В.
|c специалист в области электротехники
|c ассистент Томского политехнического университета
|f 1988-
|g Георгий Владимирович
|2 stltpush
|3 (RuTPU)RU\TPU\pers\30656
|
| 701 |
|
1 |
|a Борисов
|b С. В.
|
| 712 |
0 |
2 |
|a Национальный исследовательский Томский политехнический университет (ТПУ)
|b Энергетический институт (ЭНИН)
|b Кафедра электропривода и электрооборудования (ЭПЭО)
|h 178
|2 stltpush
|3 (RuTPU)RU\TPU\col\18674
|
| 801 |
|
2 |
|a RU
|b 63413507
|c 20210225
|g RCR
|
| 856 |
4 |
|
|u http://earchive.tpu.ru/handle/11683/22212
|
| 856 |
4 |
|
|u http://www.lib.tpu.ru/fulltext/c/2015/C112/035.pdf
|
| 942 |
|
|
|c BK
|